Statistics for NATO Countries without a Seashore to North Atlantic

Click here to take the quiz!

General Stats

  • This quiz has been taken 28 times
  • The average score is 5 of 5

Answer Stats

Answer% Correct
Czech Republic
100%
Hungary
100%
Luxembourg
91%
Slovakia
91%
North Macedonia
70%

Score Distribution

Percentile by Number Answered

Percent of People with Each Score

Your Score History

You have not taken this quiz